Normal view MARC view
  • Alborés, Jesús

Entry Nombre Personal

Number of records used in: 3

001 - NUMERO DE CONTROL

  • campo de control: 44061

003 - IDENTIFICADOR DE NUMERO DE CONTROL

  • campo de control: DLC

005 - FECHA Y HORA DE LA ÜLTIMA TRANSACCIÓN

  • campo de control: 20221201120017.0

008 - DATOS DE LONGITUD FIJA

  • campo de control de longitud fija: 220331n| azannaabn |a aaa c

010 ## - NÚMERO DE CONTROL DE LA BIBLIOTECA DEL CONGRESO

  • Número de control LC: no2010065042

035 ## - NUMERO DE CONTROL

  • Número de control: (OCoLC)oca08465779

035 ## - NUMERO DE CONTROL

  • Número de control: (CaEvSKY)skya9188328

040 ## - FUENTE DE CATALOGACIÓN

  • Agencia original de catalogación: MX-MxUI
  • Lenguaje de catalogación: spa
  • Description conventions: rda
  • Agencia de transcripción: MX-MxUI
  • Agencia que lo modifica: DLC
  • Agencia que lo modifica: MX-MoT
  • Agencia que lo modifica: MX-MxUPN

100 1# - ENCABEZAMIENTO - NOMBRE PERSONAL

  • Nombre personal: Alborés, Jesús

372 ## - CAMPO DE ACTIVIDAD

  • Field of activity: Traducción e interpretación
  • Fuente del término: lcsh

375 ## - GÉNERO

  • Gender: masculino
  • Fuente del término: lcdgt

377 ## - LENGUA ASOCIADA

  • Language code: spa

400 1# - VEÁSE - NOMBRE DE PERSONA

  • Personal name: Alborés Rey, Jesús

400 1# - VEÁSE - NOMBRE DE PERSONA

  • Personal name: Rey, Jesús Alborés

670 ## - FUENTE EN LA QUE SE LOCALIZARON DATOS

  • Cita de la fuente: La sociedad de la información y el Estado del bienestar, 2002:
  • Información localizada: portada (Jesús Alborés) reverso de la portada (copyright: Jesús Alborés Rey)

670 ## - FUENTE EN LA QUE SE LOCALIZARON DATOS

  • Cita de la fuente: Historia social y económica de Europa en el siglo XX, 1992:
  • Información localizada: portada (Jesús Alborés Rey)